00983nam a22002297a 4500003000900000008004100009040007100050082002000121100002900141245007800170260005300248300003100301440008300332505014900415650002600564650002200590650003700612650004000649700002000689700003600709710000800745AR-CdUCM190228b ||||| |||| 00| 0 spa d aMUNICIPALIDAD PROVINCIAL DEL CUSCOcBIBLIOTECA MUNICIPAL DEL CUSCO a985.271 / bD45 aDegregori, Carlos Iván aDependencia y desintegración estructural en la comunidad de Pacaraos /  aLima : bInstituto de Estudios Peruanos, c1973. a176 páginas ; c20.5 cm. aPoryecto de Estudios Etnológicos del Valle de Chancayn ; Monografía N° 3 aMarco geográfico -- Proceso histórico -- Proceso d diferenciación interna -- Desintegración estructural -- Solución "hacia afuera" ... aParacaos -- Comunidad aPerú - Historia aParacaos - Condiciones sociales  aParacaos - Condiciones económicas aGolte, Jürgen aMatos Mar, José (Dirección) aIEP